Clique sur le pays à partir de son drapeau – Europe - Statistiques

Statistiques générales
  • Ce quiz a été pris 139 fois
  • Le résultat moyen est 35 sur 45
Réponses sur la Carte
Les réponses sont colorées sur une échelle allant du rouge au vert en fonction du pourcentage des utilisateurs qui les ont devinées à leur premier essai. Vous pouvez retrouver ces pourcentages ci-dessous.
 
Statistiques - réponses
Réponse % Correct
90%
90%
90%
89%
89%
89%
87%
87%
86%
86%
84%
84%
83%
83%
82%
82%
80%
80%
80%
78%
78%
78%
77%
76%
76%
75%
75%
75%
75%
74%
72%
72%
72%
72%
71%
71%
69%
68%
67%
67%
67%
66%
66%
66%
59%
Aucun quiz correspondant
Distribution des résultats
% des personnes avec chaque résultat
Percentile par nombre de réponses
Votre historique - résultats
Vous n’avez pas pris ce quiz